30 Most Famous Cities in Belarus on a Map - Statistics

General Stats
  • This quiz has been taken 120 times
  • The average score is 12 of 30
Answers on the Map
Answers color-coded by a green-red scale on the quiz's map according to % correct below.
 
Answer Stats
Wiki Monthly Views Cityquiz Mention Rate Population Answers % Correct
146.63K 49.68% 1995.47K Minsk
100%
56.87K 28.00% 342.46K Brest
98%
32.85K 7.27% 501.80K Gomel
88%
42.26K 6.45% 358.72K Grodno
79%
28.53K 4.69% 359.15K Vitebsk
79%
24.91K 3.42% 353.34K Mogilev
78%
17.73K 4.08% 124.61K Pinsk
62%
17.56K 2.18% 208.61K Babruysk
48%
12.88K 2.80% 136.41K Barysaw
47%
14.52K 1.44% 172.15K Baranavichy
41%
20.75K 2.37% 79.96K Polotsk
41%
13.03K 1.45% 103.92K Lida
40%
9.14K 1.24% 105.32K Mazyr
40%
11.04K 1.52% 103.66K Orsha
38%
7.30K 1.23% 98.59K Salihorsk
36%
5.34K 0.68% 96.32K Novopolotsk
33%
4.62K 0.33% 77.05K Zhlobin
28%
6.44K 0.51% 89.27K Maladzyechna
24%
7.01K 1.02% 60.38K Slutsk
24%
4.66K 0.47% 64.00K Zhodzina
24%
4.29K 0.49% 63.20K Svyetlahorsk
22%
6.23K 0.28% 52.67K Kobryn
21%
12.88K 0.52% 28.02K Novogrudok
21%
4.75K 0.20% 65.42K Rechytsa
19%
6.66K 0.32% 49.11K Slonim
19%
7.02K 0.19% 15.91K Nyasvizh
17%
5.10K - 2.77K Turov
16%
6.07K 0.21% 41.99K Vawkavysk
16%
4.63K 0.16% 28.40K Byaroza
14%
4.87K 0.21% 35.78K Smarhon
12%
No matching quizzes found
Score Distribution
Percent of People with Each Score
Percentile by Number Answered
Your Score History
You have not taken this quiz